LIBRARY & INFORMATION CENTRE, KCAET, TAVANUR

ONLINE PUBLIC ACCESS CATALOGUE (OPAC)

Plays, Vol 3 / (Record no. 480)

MARC details
000 -LEADER
fixed length control field 00355cam a2200157ua 4500
041 ## - LANGUAGE CODE
Language code of text/sound track or separate title eng
082 ## - DEWEY DECIMAL CLASSIFICATION NUMBER
Classification number 822
Item number PRI/PL
100 ## - MAIN ENTRY--AUTHOR NAME
Personal name Priestly, J B.
245 ## - TITLE STATEMENT
Title Plays, Vol 3 /
260 ## - PUBLICATION, DISTRIBUTION, ETC. (IMPRINT)
Place of publication London :
Name of publisher Heinmann ,
Year of publication 1962.
300 ## - PHYSICAL DESCRIPTION
Number of Pages 476 ; .
942 ## - ADDED ENTRY ELEMENTS (KOHA)
Koha item type Books
Holdings
Withdrawn status Lost status Damaged status Home library Current library Date acquired Cost, normal purchase price Full call number Accession Number Koha item type Public note
Withdrawn     KAUAET Malayalam University 07/04/2012 30.00 822 6731 Books Transferred to Malayalam University
free website counter